F1-2nd places of famous Grand Prix - Statistics

General Stats
  • This quiz has been taken 22 times
  • The average score is 9 of 15
Answer Stats
Race Team Driver % Correct
Abu Dhabi 2021 Mercedes Lewis Hamilton
100%
Brazil 2008 Renault Fernando Alonso
94%
Brazil 2012 Ferrari Fernando Alonso
94%
Abu Dhabi 2016 Mercedes Nico Rosberg
94%
Singapore 2008 Williams Nico Rosberg
94%
Belgium 2021 Williams George Russell
83%
Belgium 1998 Jordan Ralf Schumacher
83%
Sakhir 2020 Renault Esteban Ocon
67%
Japan 2005 Renault Giancarlo Fisichella
56%
Europe 1997 (Jerez) McLaren David Coulthard
50%
Monaco 1982 Ferrari Didier Pironi
28%
Monza 1988 Ferrari Michele Alboreto
22%
Japan 1989 Williams Riccardo Patrese
22%
Germany 1976 Tyrrell Jody Scheckter
17%
San Marino 1994 (Imola) Ferrari Nicola Larini
11%
No matching quizzes found
Score Distribution
Percent of People with Each Score
Percentile by Number Answered
Your Score History
You have not taken this quiz